Anatomy and physiology (Record no. 30735)

MARC details
000 -LEADER
fixed length control field 00595nam a2200157 a 4500
008 - FIXED-LENGTH DATA ELEMENTS--GENERAL INFORMATION
fixed length control field 150817s1987 ||||||||||||||||| || u
020 ## - INTERNATIONAL STANDARD BOOK NUMBER
International Standard Book Number 0801649250
050 ## - LIBRARY OF CONGRESS CALL NUMBER
Classification number QP 34.5 Thi
100 ## - MAIN ENTRY--PERSONAL NAME
Personal name Thibodeau, Gary A
245 10 - TITLE STATEMENT
Title Anatomy and physiology
Statement of responsibility, etc. by Gary A. Thibodeau
260 ## - PUBLICATION, DISTRIBUTION, ETC.
Place of publication, distribution, etc. St. Louis
Name of publisher, distributor, etc. Times Mirror/Mosby College Pub
Date of publication, distribution, etc. 1987
300 ## - PHYSICAL DESCRIPTION
Extent xix, 813p. :ill.
350 ## -
-- 0.01
650 ## - SUBJECT ADDED ENTRY--TOPICAL TERM
Topical term or geographic name entry element PHYSIOLOGY
995 ## -
-- MICHAEL CHILUFYA SATA OPEN ACCESS
-- 903067
-- CBU-SCHOOL OF MEDICINE LIBRARY (Ndola)
-- 0.00
-- QP 34.5 Thi
-- 1
-- AVAILABLE
-- Sep 4, 2015
-- 903067
-- Medical Library Open Access Collection
999 ## -
-- 30735
-- 30735
Holdings
Withdrawn status Lost status Source of classification or shelving scheme Damaged status Not for loan Permanent Location Current Location Shelving location Date acquired Total Checkouts Full call number Barcode Date last seen Date last checked out Price effective from Koha item type
          CBU-SCHOOL OF MEDICINE LIBRARY, NDOLA. CBU-SCHOOL OF MEDICINE LIBRARY, NDOLA.   11/30/2022 2 QP 34.5 Thi 903067 08/19/2024 08/13/2024 11/30/2022 MONOGRAPH